000 00860nas a2200301 4500
001 BR0305992
003 BR-BrBNA
005 20231205104207.0
007 ta
008 230509b bl.|||p| |||| 00| 00por d
040 _aBR-BrBNA
_bpor
_cBiblioteca Nacional de Agricultura
041 _a(En)
072 _aF30
100 1 _aBorém, A.
100 1 _aOlhoft, P.M.
100 1 _aLitterer, L.A.
100 1 _aPlank, D.W.
100 1 _aSomers, D.A.
245 1 _aA plant binary vector with an antisense soybean UDP-glucose dehydrogenase gene
650 _aSOJA
650 _aSEMENTE
650 _aVARIEDADE
650 _aGENE
650 _aDESIDROGENASE
773 0 _tCrop Breeding and Applied Biotechnology (Brazil)
_xISSN 1518-7853
_g(Mar 2003), v. 3(1) p. 49-52
_wBR0305992
909 _a202311
_bLúcia
_c55
_dLúcia Elande
942 _2AGRIS
_n0
_cANA
999 _c176864
_d176864